000 01288nam a2200361 i 4500
003 DO-SdBNP
005 20240305134030.0
006 a||||gr|||| 00| 0
007 ta
008 231004e2017 gt ||||| |||| 00| f spa d
020 _a9789929559820
040 _aDO-SdBNP
_bspa
_cBNPHU
_erda
082 4 _aG863.4
_bG633g
_222
100 1 _aGómez Carrillo, Enrique,
_d1873-1927
_eautor
_916677
245 1 0 _aLa Grecia eterna /
_cEnrique Gómez Carrillo; prólogo de Jean Moréas; edición al cuidado de Vania Vargas y Miguel Ángel Guzmáan
264 4 _aGuatemala :
_bCultura,
_c2017
300 _a221 páginas ;
_c21 cm.
336 _2rdacontent
_atexto
_btxt
337 _2rdamedia
_asin mediación
_bn
338 _2rdacarrier
_avolumen
_bnc
490 1 _aEnrique Gómez Carrillo ;
_x10
490 1 _aCrónica
500 _aIncluye datos biográficos del autor en las solapas
590 _aInventariado 2023 / MF
650 4 _aNovela gutemalteca.
_984361
650 4 _aLiteratura guatemalteca.
_95393
700 1 _aMoréas, Jean,
_950472
_eprólogo
700 1 _aVargas, Vanias,
_eeditor
_984362
700 1 _aGuzmán, Miguel Ángel,
_eeditor
_984363
830 0 _pCrónica
_a Enrique Gómez Carrillo ;
_n10
_984420
910 _aValidado. Control de calidad MFF
942 _2ddc
_cLBS1
999 _c55066
_d55066